00609 2200205 4500001002100000005001500021035002500036008004100061245008900102260004000191300003300231020002200264082001600286084002200302650000900324600002100333600001600354100002200370990001100392INLIS00000000000002320220525092036 a0010-121900000000023220525 | ind 1 a19 peluang investasi kayu, tanaman perkebunan, dan tanaman buah /cRedaksi AgroMedia aJakarta :bAgromedia Pustaka,c2012 aiv, 206 p. :bill. ;c23 cm. a978-979-006-387-3 a630:634/635 a630:634/635 RED s 4aWOOD 4aINDUSTRIAL CROPS 4aFRUIT CROPS0 aREDAKSI AGROMEDIA abC3339